[Event "Cesis 4th"]
[Site "Cesis"]
[Date "2025.06.17"]
[Round "5"]
[White "Nyback, Tomi"]
[Black "Kazakouski, Valery"]
[Result "0-1"]
[WhiteElo "2596"]
[BlackElo "2585"]
[PlyCount "118"]
[EventDate "2025.06.16"]
[EventType "swiss"]
[EventRounds "8"]
[EventCountry "LAT"]
[SourceTitle "CB26_2025"]
[SourceDate "2025.06.25"]
[SourceVersion "1"]
[SourceVersionDate "2025.06.25"]
[SourceQuality "1"]

1. d4 d5 2. c4 c6 3. Nf3 Nf6 4. e3 Bf5 5. Nc3 e6 6. Nh4 Bg6 7. Nxg6 hxg6 8. Bd2 Nbd7 9. Qb3 Qc7 10. cxd5 exd5 11. h4 Be7 12. Be2 Nb6 13. 0-0-0 0-0-0 14. e4 Qd7 15. g3 Kb8 16. Rhe1 Ka8 17. Bf1 Rhf8 18. e5 Ne8 19. Ne2 c5 20. dxc5 Bxc5 21. Qf3 Nc7 22. Kb1 Qf5+ 23. Qxf5 gxf5 24. Bg2 Nc4 25. f4 Nxd2+ 26. Rxd2 Bb4 27. Nc3 d4 28. Red1 Ne6 29. a3 Ba5 30. Nb5 Bxd2 31. Rxd2 Kb8 32. Nd6 Rxd6 33. exd6 Rd8 34. Bd5 Rxd6 35. Bxe6 fxe6 36. Kc2 Kc7 37. Kd3 Rb6 38. Rc2+ Kd6 39. b4 Ra6 40. Kxd4 Rxa3 41. Rg2 g6 42. Kc4 a6 43. b5 Ra4+ 44. Kb3 axb5 45. Rd2+ Ke7 46. Re2 Kd6 47. Rd2+ Ke7 48. Re2 Rd4 49. Kc3 Rc4+ 50. Kb3 Kf6 51. Rd2 Re4 52. Rd3 b4 53. Ka4 Rc4 54. Rd1 Rc3 55. Rg1 b3 56. Ka3 Rf3 57. Kb2 b5 58. Ka3 Kg7 59. Kb2 Kh6 0-1

[Event "Tartu Rapid op"]
[Site "Tartu"]
[Date "2025.04.24"]
[Round "7"]
[White "Iturrizaga Bonelli, Eduardo"]
[Black "Nyback, Tomi"]
[Result "1-0"]
[WhiteElo "2578"]
[BlackElo "2596"]
[PlyCount "65"]
[EventDate "2025.04.24"]
[EventType "swiss (rapid)"]
[EventRounds "11"]
[EventCountry "EST"]
[SourceTitle "CB20_2025"]
[SourceDate "2025.05.14"]
[SourceVersion "1"]
[SourceVersionDate "2025.05.14"]
[SourceQuality "1"]

1. c4 Nf6 2. g3 c6 3. Qa4 e5 4. Nf3 e4 5. Nd4 Bc5 6. Nb3 Be7 7. Bg2 0-0 8. Nc3 d5 9. 0-0 Bd7 10. d3 b5 11. Qa5 b4 12. Qxd8 Rxd8 13. Na4 exd3 14. exd3 Bf5 15. Re1 Bf8 16. Bg5 Nbd7 17. Nd4 Bxd3 18. Nxc6 Re8 19. cxd5 Ne4 20. Be7 f5 21. Bxf8 Nxf8 22. Nxb4 Bb5 23. Nc3 Nxc3 24. bxc3 Rac8 25. Rxe8 Bxe8 26. Rc1 Nd7 27. Nc6 Kf8 28. c4 Nc5 29. Nd4 Bd7 30. Nb3 Nd3 31. Rc3 Nb2 32. c5 Na4 33. Rc1 1-0

[Event "Tartu Rapid op"]
[Site "Tartu"]
[Date "2025.04.24"]
[Round "6"]
[White "Kuzubov, Yuriy"]
[Black "Nyback, Tomi"]
[Result "1/2-1/2"]
[WhiteElo "2605"]
[BlackElo "2596"]
[PlyCount "76"]
[EventDate "2025.04.24"]
[EventType "swiss (rapid)"]
[EventRounds "11"]
[EventCountry "EST"]
[SourceTitle "CB20_2025"]
[SourceDate "2025.05.14"]
[SourceVersion "1"]
[SourceVersionDate "2025.05.14"]
[SourceQuality "1"]

1. d4 d5 2. c4 c6 3. Nf3 Nf6 4. Nc3 e6 5. e3 Nbd7 6. Be2 Be7 7. b3 b6 8. Bb2 Bb7 9. 0-0 0-0 10. Qc2 Qc7 11. Rac1 Rac8 12. Rfd1 Rfd8 13. Bd3 h6 14. Qe2 Qb8 15. Bb1 c5 16. cxd5 Nxd5 17. Nxd5 Bxd5 18. e4 Bb7 19. h3 cxd4 20. Rxc8 Qxc8 21. Rxd4 Qa8 22. Rd1 Nc5 23. Rxd8+ Bxd8 24. Nd2 Bg5 25. f3 Qd8 26. Nc4 Bf4 27. Bc2 Ba6 28. Qd1 Qg5 29. Kf1 b5 30. Na5 Bd2 31. h4 Qe3 32. b4 Bxb4 33. Qd8+ Kh7 34. e5+ g6 35. Bxg6+ fxg6 36. Qe7+ Kg8 37. Qe8+ Kg7 38. Qe7+ Kg8 1/2-1/2

[Event "Tartu Estiko Blitz op 2nd"]
[Site "Tartu"]
[Date "2025.04.24"]
[Round "2"]
[White "Nyback, Tomi"]
[Black "Rychagov, Nikita1"]
[Result "1-0"]
[WhiteElo "2596"]
[BlackElo "2231"]
[PlyCount "53"]
[EventDate "2025.04.24"]
[EventType "swiss (blitz)"]
[EventRounds "9"]
[EventCountry "EST"]
[SourceTitle "CB20_2025"]
[SourceDate "2025.05.14"]
[SourceVersion "1"]
[SourceVersionDate "2025.05.14"]
[SourceQuality "1"]

1. d4 d5 2. c4 e6 3. Nf3 Nf6 4. Nc3 Be7 5. cxd5 Nxd5 6. e4 Nxc3 7. bxc3 0-0 8. Bd3 c5 9. 0-0 b6 10. Qe2 Bb7 11. Bb2 Nc6 12. Rfd1 cxd4 13. cxd4 Bf6 14. Rac1 g6 15. Bb5 Na5 16. d5 exd5 17. exd5 Bxb2 18. Qxb2 Qd6 19. Ne5 Rad8 20. Ng4 f6 21. h3 a6 22. Bc6 Bc8 23. Qxb6 Bxg4 24. hxg4 Qa3 25. Qc5 Qxa2 26. Ra1 Nb3 27. Qxf8+ 1-0

[Event "Tartu Rapid op"]
[Site "Tartu"]
[Date "2025.04.24"]
[Round "8"]
[White "Nyback, Tomi"]
[Black "Rychagov, Nikita1"]
[Result "1/2-1/2"]
[WhiteElo "2596"]
[BlackElo "2231"]
[PlyCount "188"]
[EventDate "2025.04.24"]
[EventType "swiss (rapid)"]
[EventRounds "11"]
[EventCountry "EST"]
[SourceTitle "CB20_2025"]
[SourceDate "2025.05.14"]
[SourceVersion "1"]
[SourceVersionDate "2025.05.14"]
[SourceQuality "1"]

1. d4 d5 2. c4 dxc4 3. Nf3 Nf6 4. e3 e6 5. Bxc4 c5 6. 0-0 a6 7. b3 b6 8. Ba3 Qc7 9. Nbd2 Bb7 10. Rc1 Nbd7 11. Be2 Be7 12. b4 0-0 13. bxc5 bxc5 14. Nb3 Rfd8 15. Nxc5 Nxc5 16. Bxc5 Ne4 17. Bxe7 Qxe7 18. Ne5 Rac8 19. Bf3 Nc3 20. Qd2 Bxf3 21. Nxf3 Qa3 22. Rc2 Rc7 23. h3 Rdc8 24. Rfc1 h6 25. Qd3 Qa5 26. Ne5 Nxa2 27. Rxc7 Rxc7 28. Rxc7 Qxc7 29. Qxa6 Nc3 30. Qa8+ Kh7 31. Qf3 Kg8 32. g3 Nd5 33. Kh2 Qe7 34. Kg2 g6 35. h4 h5 36. Nd3 Nf6 37. Qa8+ Kg7 38. Ne5 Qc7 39. Qc6 Qa7 40. Nd3 Nd5 41. Qd6 Qb7 42. Kh2 Nc3 43. Qe5+ Kg8 44. Qf4 Nd5 45. Qf3 Qc7 46. Ne5 Kg7 47. Kg2 Nf6 48. g4 hxg4 49. Nxg4 Nxg4 50. Qxg4 Qc2 51. Qf4 Kg8 52. Qg4 Kf8 53. Qf3 Kg8 54. h5 gxh5 55. Qxh5 Kf8 56. Qg4 Qd3 57. Kg3 Qf1 58. Qf3 Qg1+ 59. Qg2 Qb1 60. Kh2 Qa2 61. Qg3 Qa1 62. Kg2 Qa2 63. Qe5 Qe2 64. Qf4 Qd1 65. Qf3 Qd3 66. Kg3 Qg6+ 67. Qg4 Qb1 68. Kg2 Qa1 69. Qf4 Qb1 70. Qe5 Qg6+ 71. Kf3 Qg1 72. Ke2 Qg4+ 73. Kd2 Qf3 74. Qg3 Qd5 75. Qh4 Qa2+ 76. Ke1 Qb1+ 77. Ke2 Qc2+ 78. Kf3 Qd1+ 79. Kg2 Qd3 80. Qg4 Qc2 81. Qf3 Qg6+ 82. Kh3 Qh6+ 83. Kg3 Qg6+ 84. Qg4 Qb1 85. Kg2 Qc2 86. e4 Qd3 87. e5 Ke8 88. Qf4 Qg6+ 89. Kf3 Qd3+ 90. Qe3 Qf5+ 91. Ke2 Qc2+ 92. Kf1 Qd1+ 93. Kg2 Qg4+ 94. Kf1 Qd1+ 1/2-1/2

[Event "Tartu Estiko Blitz op 2nd"]
[Site "Tartu"]
[Date "2025.04.24"]
[Round "7"]
[White "Stremavicius, Titas"]
[Black "Nyback, Tomi"]
[Result "1/2-1/2"]
[WhiteElo "2544"]
[BlackElo "2596"]
[PlyCount "154"]
[EventDate "2025.04.24"]
[EventType "swiss (blitz)"]
[EventRounds "9"]
[EventCountry "EST"]
[SourceTitle "CB20_2025"]
[SourceDate "2025.05.14"]
[SourceVersion "1"]
[SourceVersionDate "2025.05.14"]
[SourceQuality "1"]

1. Nf3 d5 2. g3 c6 3. Bg2 Nf6 4. d4 g6 5. 0-0 Bg7 6. b3 0-0 7. c4 dxc4 8. bxc4 c5 9. Bb2 cxd4 10. Nxd4 Qb6 11. Qc1 Bd7 12. Nd2 Nc6 13. e3 Rac8 14. Bc3 Nxd4 15. exd4 Qa6 16. Qb2 b5 17. Rfe1 bxc4 18. Bb7 Qa4 19. Bxc8 Rxc8 20. d5 Qb5 21. Qxb5 Bxb5 22. Rac1 Nxd5 23. Bxg7 Kxg7 24. a4 Ba6 25. Nf3 c3 26. Nd4 Rc4 27. Red1 e6 28. Ne2 c2 29. Rd2 Nb4 30. Nd4 Bb7 31. f3 e5 32. Nxc2 Bxf3 33. Rf1 Nxc2 34. Rxf3 Nd4 35. Rff2 Rxa4 36. Rb2 f5 37. Rb7+ Kh6 38. Kg2 a5 39. Rfb2 e4 40. Re7 Nc6 41. Rc7 Rb4 42. Rxb4 Nxb4 43. Ra7 Nd3 44. Rxa5 Kg5 45. Ra7 h5 46. Rh7 Kf6 47. Rh8 Ne5 48. h3 Kg7 49. Re8 Nf7 50. Ra8 g5 51. Ra6 Ne5 52. h4 gxh4 53. gxh4 Ng6 54. Kg3 f4+ 55. Kh3 e3 56. Ra7+ Kf6 57. Ra6+ Kf5 58. Ra5+ Ne5 59. Kg2 f3+ 60. Kg3 e2 61. Kf2 Ke4 62. Ra4+ Kd5 63. Ra3 Kd4 64. Ra4+ Kc3 65. Re4 Nc4 66. Re8 Nd2 67. Rc8+ Kd3 68. Rd8+ Kc2 69. Rc8+ Kd1 70. Re8 Nf1 71. Rd8+ Nd2 72. Re8 Nc4 73. Kxf3 e1Q 74. Rxe1+ Kxe1 75. Kf4 Nd2 76. Kg5 Nf3+ 77. Kxh5 Nxh4 1/2-1/2

[Event "Tartu Rapid op"]
[Site "Tartu"]
[Date "2025.04.24"]
[Round "11"]
[White "Volodin, Aleksandr"]
[Black "Nyback, Tomi"]
[Result "0-1"]
[WhiteElo "2471"]
[BlackElo "2596"]
[PlyCount "124"]
[EventDate "2025.04.24"]
[EventType "swiss (rapid)"]
[EventRounds "11"]
[EventCountry "EST"]
[SourceTitle "CB20_2025"]
[SourceDate "2025.05.14"]
[SourceVersion "1"]
[SourceVersionDate "2025.05.14"]
[SourceQuality "1"]

1. d4 d5 2. c4 c6 3. Nf3 Nf6 4. e3 Bf5 5. Nc3 e6 6. Nh4 Be4 7. f3 Bg6 8. Qb3 Qc7 9. Bd2 Be7 10. Nxg6 hxg6 11. g3 Bd6 12. f4 Nbd7 13. Rc1 a6 14. Bg2 dxc4 15. Qxc4 Rc8 16. e4 Be7 17. e5 Nb6 18. Qb3 Nfd5 19. Ne4 Nd7 20. Nc3 Qb8 21. 0-0 0-0 22. Nxd5 cxd5 23. Bb4 Bxb4 24. Qxb4 Qa7 25. b3 Nb8 26. Qd2 Nc6 27. Rcd1 Qb6 28. Rf2 Nb4 29. Qb2 Rc7 30. a3 Nc6 31. Bf1 Rfc8 32. b4 Ne7 33. Kg2 Nf5 34. Rd3 Rc4 35. Rfd2 Qc7 36. g4 Ne7 37. b5 axb5 38. Qxb5 Rc3 39. Rxc3 Qxc3 40. Qd3 Qxd3 41. Rxd3 Rc2+ 42. Kg3 Nc6 43. h3 Rc4 44. Rb3 Rc1 45. Bg2 Nxd4 46. Rxb7 Rc3+ 47. Kf2 Rxa3 48. Rb8+ Kh7 49. Rb7 Ra2+ 50. Kf1 Nc2 51. Bf3 Ne3+ 52. Kg1 d4 53. Rxf7 d3 54. Rd7 d2 55. h4 d1Q+ 56. Bxd1 Ra1 57. Kf2 Nxd1+ 58. Kf3 Ra3+ 59. Ke2 Nc3+ 60. Kf1 Nd5 61. f5 gxf5 62. gxf5 Ne3+ 0-1

[Event "FIN-chT 2425"]
[Site "Finland"]
[Date "2024.09.06"]
[Round "1.1"]
[White "Nyback, Tomi"]
[Black "Sammalvuo, Tapani"]
[Result "1-0"]
[WhiteElo "2572"]
[BlackElo "2370"]
[PlyCount "81"]
[EventDate "2024.09.06"]
[EventType "team-tourn"]
[EventRounds "11"]
[EventCountry "FIN"]
[SourceTitle "EXT 2025"]
[Source "ChessBase"]
[SourceDate "2024.10.14"]
[SourceVersion "1"]
[SourceVersionDate "2024.10.14"]
[SourceQuality "1"]
[WhiteTeam "Helsinki Aatos"]
[BlackTeam "Raahe Li"]
[WhiteTeamCountry "FIN"]
[BlackTeamCountry "FIN"]

1. d4 Nf6 2. Nf3 e6 3. Bf4 d5 4. e3 Bd6 5. Bg3 0-0 6. Nbd2 b6 7. c3 c5 8. Ne5 Bb7 9. Bh4 Be7 10. Bd3 Nfd7 11. Bxe7 Qxe7 12. Qc2 Nxe5 13. dxe5 Nc6 14. f4 f5 15. exf6 gxf6 16. 0-0 c4 17. Be2 Qc5 18. Rf3 b5 19. Kh1 e5 20. Rh3 e4 21. Nf1 Bc8 22. Rh5 f5 23. Rd1 Be6 24. g4 Rad8 25. gxf5 Rxf5 26. Rh6 Qe7 27. Bg4 Rf6 28. Bxe6+ Qxe6 29. Rh5 Qf7 30. Ng3 Rdd6 31. Rg5+ Kh8 32. Qe2 Qe6 33. Rg1 Ne7 34. Nh5 Rg6 35. Qd2 Nf5 36. R1g4 Kg8 37. Ng3 Nxg3+ 38. Rxg3 Qf7 39. Qd4 Kf8 40. Qh8+ Qg8 41. Rf5+ 1-0

[Event "Helsinki ShakkiNet op 8th"]
[Site "Helsinki"]
[Date "2024.06.17"]
[Round "8"]
[White "Nyback, Tomi"]
[Black "Sipila, Vilka"]
[Result "1-0"]
[WhiteElo "2571"]
[BlackElo "2443"]
[PlyCount "48"]
[EventDate "2024.06.10"]
[EventType "swiss"]
[EventRounds "9"]
[EventCountry "FIN"]
[SourceTitle "CBM 220 Extra"]
[Source "ChessBase"]
[SourceDate "2024.07.31"]
[SourceVersion "1"]
[SourceVersionDate "2024.07.31"]
[SourceQuality "1"]

1. Nf3 d5 2. e3 Nf6 3. c4 e6 4. Nc3 Bd6 5. b3 0-0 6. Bb2 Re8 7. Qc2 c5 8. g4 d4 9. exd4 cxd4 10. Nxd4 Bc5 11. Nf3 e5 12. h3 e4 13. Ng1 Nc6 14. 0-0-0 Bxf2 15. d4 e3 16. Nge2 Nb4 17. Qb1 a5 18. a3 Na6 19. Bg2 Rb8 20. Qc2 Bd7 21. Bf3 h6 22. Kb1 Qe7 23. Qd3 Qd6 24. c5 Qe7 1-0

[Event "Helsinki ShakkiNet op 8th"]
[Site "Helsinki"]
[Date "2024.06.16"]
[Round "7"]
[White "Laurusas, Tomas"]
[Black "Nyback, Tomi"]
[Result "1/2-1/2"]
[WhiteElo "2563"]
[BlackElo "2571"]
[PlyCount "21"]
[EventDate "2024.06.10"]
[EventType "swiss"]
[EventRounds "9"]
[EventCountry "FIN"]
[SourceTitle "CBM 220 Extra"]
[Source "ChessBase"]
[SourceDate "2024.07.31"]
[SourceVersion "1"]
[SourceVersionDate "2024.07.31"]
[SourceQuality "1"]

1. d4 Nf6 2. c4 g6 3. Nc3 d5 4. Nf3 Bg7 5. cxd5 Nxd5 6. e4 Nxc3 7. bxc3 c5 8. Be3 Qa5 9. Nd2 cxd4 10. Nc4 Qa6 11. cxd4 1/2-1/2

[Event "FIN-chT 2324"]
[Site "Finland"]
[Date "2024.03.16"]
[Round "10.1"]
[White "Sammalvuo, Tapani"]
[Black "Nyback, Tomi"]
[Result "1/2-1/2"]
[WhiteElo "2394"]
[BlackElo "2561"]
[PlyCount "98"]
[EventDate "2023.09.23"]
[EventType "team-tourn"]
[EventRounds "11"]
[EventCountry "FIN"]
[SourceTitle "EXT 2025"]
[Source "ChessBase"]
[SourceDate "2024.10.14"]
[SourceVersion "1"]
[SourceVersionDate "2024.10.14"]
[SourceQuality "1"]
[WhiteTeam "Raahe Li"]
[BlackTeam "Helsinki Aatos"]
[WhiteTeamCountry "FIN"]
[BlackTeamCountry "FIN"]

1. d4 Nf6 2. c4 c5 3. d5 b5 4. cxb5 a6 5. bxa6 e6 6. Nc3 exd5 7. Nxd5 Be7 8. e4 0-0 9. Bd3 Nxd5 10. exd5 Nxa6 11. Ne2 Nb4 12. Bc4 Ba6 13. Bxa6 Rxa6 14. Nc3 Qa8 15. 0-0 Bf6 16. Be3 d6 17. a3 Bxc3 18. axb4 Bxb4 19. Bf4 Rxa1 20. Qxa1 Qxd5 21. Qd1 Qxd1 22. Rxd1 c4 23. Rd4 Rc8 24. Kf1 f6 25. Bxd6 Rd8 26. Bc5 Rxd4 27. Bxd4 Kf7 28. Ke2 Ke6 29. f3 Kd5 30. Bc3 Bd6 31. h3 Bf4 32. Kf2 h5 33. Ke2 h4 34. Be1 g5 35. Bc3 Be5 36. Ke3 Bxc3 37. bxc3 Ke5 38. Ke2 Kf5 39. Ke3 Ke5 40. Ke2 Kf4 41. Kf2 f5 42. Ke2 Kg3 43. Kf1 g4 44. fxg4 fxg4 45. hxg4 Kf4 46. Ke2 Kxg4 47. Kf2 Kf4 48. Ke2 Ke4 49. Kd2 Kf4 1/2-1/2

[Event "FIN-chT 2324"]
[Site "Finland"]
[Date "2024.01.14"]
[Round "8.1"]
[White "Laurusas, Tomas"]
[Black "Nyback, Tomi"]
[Result "1-0"]
[WhiteElo "2550"]
[BlackElo "2561"]
[PlyCount "131"]
[EventDate "2023.09.23"]
[EventType "team-tourn"]
[EventRounds "11"]
[EventCountry "FIN"]
[SourceTitle "EXT 2025"]
[Source "ChessBase"]
[SourceDate "2024.10.14"]
[SourceVersion "1"]
[SourceVersionDate "2024.10.14"]
[SourceQuality "1"]
[WhiteTeam "Helsinki HSC"]
[BlackTeam "Helsinki Aatos"]
[WhiteTeamCountry "FIN"]
[BlackTeamCountry "FIN"]

1. d4 Nf6 2. c4 g6 3. Nc3 d5 4. Nf3 Bg7 5. cxd5 Nxd5 6. e4 Nxc3 7. bxc3 c5 8. Be3 Qa5 9. Qd2 Nc6 10. Rb1 a6 11. Rc1 cxd4 12. cxd4 Qxd2+ 13. Kxd2 e6 14. h4 h6 15. d5 exd5 16. exd5 Ne7 17. Bc4 Bf5 18. Bb6 0-0 19. Rhe1 Nxd5 20. Bxd5 Rfd8 21. Bxd8 Rxd8 22. Rc7 Rxd5+ 23. Kc1 Bf8 24. Re8 Kg7 25. Rxf8 Kxf8 26. Rxb7 Rc5+ 27. Kd2 Ra5 28. Ke3 Be6 29. Nd4 Bd5 30. Rb8+ Ke7 31. g4 Ra3+ 32. Kf4 Rd3 33. Ke5 Bg2 34. g5 Rh3 35. f3 Rxh4 36. Rb7+ Ke8 37. gxh6 Rxh6 38. Kf6 g5+ 39. Kxg5 Rg6+ 40. Kf4 Bh3 41. a4 Rh6 42. Ra7 Bd7 43. a5 Kd8 44. Ke4 Kc8 45. f4 Be6 46. Ke5 Bc4 47. f5 Rh4 48. Nf3 Rh3 49. Nd2 Kb8 50. Re7 Ba2 51. Kf6 Ra3 52. Re5 Kc7 53. Ne4 Rd3 54. Nc5 Rd6+ 55. Ke7 Bc4 56. Re4 Bb5 57. Kxf7 Rd5 58. Ne6+ Kd6 59. f6 Bd7 60. Ng7 Rxa5 61. Rd4+ Kc6 62. Ke7 Re5+ 63. Kd8 Be6 64. Nxe6 Rxe6 65. f7 Rf6 66. Ke8 1-0

[Event "Titled Tuesday intern op 28th Nov Early"]
[Site "Chess.com INT"]
[Date "2023.11.28"]
[Round "5"]
[White "Martinez Fernandez, Adrian"]
[Black "Nyback, Tomi"]
[Result "0-1"]
[WhiteElo "2405"]
[BlackElo "2566"]
[PlyCount "66"]
[EventDate "2023.11.28"]
[EventType "swiss (blitz)"]
[EventRounds "11"]
[EventCountry "USA"]
[SourceTitle "EXT 2025"]
[Source "ChessBase"]
[SourceDate "2024.10.14"]
[SourceVersion "1"]
[SourceVersionDate "2024.10.14"]
[SourceQuality "1"]

1. e4 g6 2. h4 d5 3. exd5 Nf6 4. Nc3 Bg7 5. Bb5+ Nbd7 6. Be2 h5 7. Nh3 Nb6 8. Ng5 Nbxd5 9. Bf3 c6 10. 0-0 Bf5 11. d3 0-0 12. Bd2 e6 13. Nce4 Ng4 14. c4 Ndf6 15. Bc3 Nh7 16. Bxg7 Kxg7 17. Qd2 Nxg5 18. Qc3+ e5 19. Bxg4 Nxe4 20. dxe4 Bxg4 21. Qxe5+ Qf6 22. Qg3 Be6 23. b3 Rad8 24. f4 Bg4 25. Rae1 Rd2 26. f5 Qd4+ 27. Kh2 Re8 28. Qf4 Qe5 29. fxg6 fxg6 30. Kg1 Qxf4 31. Rxf4 Rf8 32. Rxf8 Kxf8 33. e5 Ke7 0-1

[Event "Titled Tuesday intern op 28th Nov Early"]
[Site "Chess.com INT"]
[Date "2023.11.28"]
[Round "6"]
[White "Nyback, Tomi"]
[Black "Souleidis, Georgios"]
[Result "0-1"]
[WhiteElo "2566"]
[BlackElo "2414"]
[PlyCount "114"]
[EventDate "2023.11.28"]
[EventType "swiss (blitz)"]
[EventRounds "11"]
[EventCountry "USA"]
[SourceTitle "EXT 2025"]
[Source "ChessBase"]
[SourceDate "2024.10.14"]
[SourceVersion "1"]
[SourceVersionDate "2024.10.14"]
[SourceQuality "1"]

1. Nf3 Nf6 2. c4 g6 3. Nc3 Bg7 4. e4 d6 5. d4 0-0 6. Be2 e5 7. Be3 Ng4 8. Bg5 f6 9. Bh4 Nc6 10. d5 Ne7 11. Nd2 Nh6 12. 0-0 g5 13. Bg3 f5 14. f3 Ng6 15. b4 Nf4 16. c5 Nxe2+ 17. Qxe2 f4 18. Bf2 g4 19. fxg4 Nxg4 20. Nf3 Kh8 21. Rac1 Bd7 22. Kh1 Nxf2+ 23. Qxf2 Bf6 24. a4 Rg8 25. cxd6 cxd6 26. Nb5 Bg4 27. Nc7 Rc8 28. Ne6 Qd7 29. Qxa7 Bxe6 30. dxe6 Qxe6 31. Rxc8 Qxc8 32. Rg1 Bd8 33. Qf2 Qc6 34. Qd2 Bb6 35. Rc1 Qd7 36. Nxe5 Qg7 37. Nc4 Be3 38. Nxe3 fxe3 39. Qe2 Qd4 40. Rf1 Re8 41. h3 Qxe4 42. b5 d5 43. Rf7 Qg6 44. Rd7 Qe6 45. Rxb7 d4 46. Qd3 Re7 47. Qxd4+ Kg8 48. Rxe7 Qxe7 49. Qg4+ Kf7 50. Qe2 Qe4 51. b6 Qb1+ 52. Kh2 Qxb6 53. a5 Qd6+ 54. g3 Qd2 55. Qxd2 exd2 56. a6 d1Q 57. a7 Qc2+ 0-1

[Event "FIN-chT 2324"]
[Site "Finland"]
[Date "2023.10.22"]
[Round "4.1"]
[White "Nyback, Tomi"]
[Black "Nouro, Mikael"]
[Result "1-0"]
[WhiteElo "2561"]
[BlackElo "2326"]
[PlyCount "111"]
[EventDate "2023.09.23"]
[EventType "team-tourn"]
[EventRounds "11"]
[EventCountry "FIN"]
[SourceTitle "EXT 2025"]
[Source "ChessBase"]
[SourceDate "2024.10.14"]
[SourceVersion "1"]
[SourceVersionDate "2024.10.14"]
[SourceQuality "1"]
[WhiteTeam "Helsinki Aatos"]
[BlackTeam "Gambiitti"]
[WhiteTeamCountry "FIN"]
[BlackTeamCountry "FIN"]

1. d4 Nf6 2. Nf3 d5 3. c4 c5 4. cxd5 cxd4 5. Qxd4 Qxd5 6. Nc3 Qxd4 7. Nxd4 a6 8. g3 e5 9. Nb3 Bd7 10. Bg2 Bc6 11. 0-0 Bb4 12. Bd2 Bxg2 13. Kxg2 Nc6 14. Rfc1 0-0 15. a3 Bxc3 16. Bxc3 Rfe8 17. Na5 Nxa5 18. Bxa5 h6 19. Rc2 Rac8 20. Rac1 Rxc2 21. Rxc2 Re7 22. a4 Kh7 23. Rc5 Ne4 24. Rd5 Nf6 25. Rc5 Ne4 26. Rc8 f6 27. h4 Rd7 28. Kf3 Nd6 29. Rc2 Kg6 30. Rd2 Kf5 31. Bb4 e4+ 32. Kg2 Ke6 33. g4 g6 34. Rd4 f5 35. gxf5+ gxf5 36. Kh3 b5 37. axb5 axb5 38. h5 Nc4 39. Rxd7 Kxd7 40. b3 Ne5 41. Bf8 Nf7 42. Kg3 Ke6 43. Bg7 Ke7 44. Kf4 Ke6 45. f3 exf3 46. exf3 b4 47. Bf8 Ne5 48. Bxh6 Nd3+ 49. Kg5 Kf7 50. Kxf5 Nc5 51. Be3 Nxb3 52. h6 Na5 53. Bd4 Nc6 54. Bf6 b3 55. h7 Ne7+ 56. Kg5 1-0